Countries by One Terrible Sentence #3 - Statistics

General Stats
  • This quiz has been taken 36 times
  • The average score is 7 of 15
Answer Stats
Hint Answer % Correct
There's pyramids. Egypt
100%
This is 20% Iberian Peninsula. Portugal
82%
Two islands with a crap ton of sheep. New Zealand
79%
Aw man it's next to yeah man. Oman
64%
Deepseek does not recognize this country. Taiwan
61%
Yugoslavia shattered and left poor miss county in shambles. Serbia
58%
Too many people, cultures, languages, food, everything in this region. India
48%
Oil and slightly not communist but is I guess? Venezuela
45%
Your booty gets an award for best name. Djibouti
30%
Famously threw some guys out of windows. Czech Republic
27%
This country has female blogger, apples, and very nice. Kazakhstan
21%
The mountain of lions and flag looks like Molossia. Sierra Leone
21%
Ted said, "Hey let's cut you up." Panama
18%
Jwaneng is famous for diamonds. Botswana
12%
Most fire KLT video and has two islands named Sare and Hi. Estonia
3%
No matching quizzes found
Score Distribution
Percent of People with Each Score
Percentile by Number Answered
Your Score History
You have not taken this quiz